|
|
|
|
| LEADER |
00000nam a22000007a 4500 |
| 005 |
20181227114325.0 |
| 007 |
cr|||| ||| |
| 008 |
181227s2018 co |||||s|||| 00||0 spa d |
| 020 |
|
|
|a 978-958-784-087-2
|
| 035 |
|
|
|a 22648
|
| 040 |
|
|
|a vLex
|
| 090 |
|
|
|c 8387
|d 8387
|
| 100 |
1 |
|
|a Cardozo Roa, Clara Carolina
|
| 245 |
1 |
2 |
|a La jurisprudencia mercantil de la Corte Suprema de Justicia entre 1887 y 1916
|h [Recurso electrn̤ico] /
|c Clara Carolina Cardozo Roa
|
| 256 |
|
|
|a Servicio en ln̕ea
|
| 260 |
|
|
|a Bogot:̀
|b Editorial Universidad de Rosario (Colombia),
|c 2018
|
| 300 |
|
|
|a 1 recurso electrn̤ico
|
| 500 |
|
|
|a Este libro pretende reconstruir la historia del derecho comercial colombiano no a partir de las fuentes normativas, sino desde las sentencias de casacin̤ de la Corte Suprema de Justicia. La obra comprende el anl̀isis de lo que podra̕ llamarse jurisprudencia mercantil desde la Constitucin̤ de 1886, en la cual se le atribuy ̤a la Corte Suprema de Justicia la competencia para casar las sentencias proferidas por los Tribunales Superiores de Distrito Judicial y a travš de este recurso unificar los parm̀etros de interpretacin̤ de las normas jurd̕icas a nivel nacional. Se prolong ̤la investigacin̤ hasta 1916 en la medida en que este corresponde al veinticinco de circulacin̤ de la Gaceta Judicial y porque durante estos treinta aǫs los Cd̤igos de Comercio de 1887 se mantuvieron casi incl̤umes en su contenido, salvo algunas pocas normas que los adicionaron.
|
| 506 |
1 |
|
|a Disponible solo en los productos indicados
|d vLex Global
|d vLex Global (Academic Edition, excluding Law Schools)
|d vLex Global (U.S. Academic Edition, Law Schools)
|d vLex Global (U.S. Academic Edition, excluding Law Schools)
|d vLex Global (Academic Edition, Law Schools)
|
| 650 |
0 |
4 |
|a Cd̤igo de Comercio y Registro Mercantil
|z Colombia
|
| 650 |
0 |
4 |
|a Comercio
|z Colombia
|
| 740 |
0 |
|
|a vLex Libros (Servicio en ln̕ea)
|
| 856 |
4 |
0 |
|u http://vlex.com/source/jurisprudencia-mercantil-de-la-corte-suprema-de-justicia-entre-1887-y-1916-22648
|z Acceso restringido
|
| 942 |
|
|
|c BOOK
|
| 999 |
0 |
|
|a Commercial Code and Commercial Registry
|
| 999 |
0 |
|
|a Trade
|